Ładuje się......

Introduction to biopsychology/

Opis bibliograficzny
Główni autorzy: John P J Pinel, Steven J Barnes
Format: Printed Book
Wydane: Noida: Pearson India, 2017.
Wydanie:9th
Hasła przedmiotowe:
LEADER 00604nam a22001817a 4500
020 |a 9789332575172 
082 |a 612.8  |b JOH/I 
100 |a John P J Pinel  |9 49618 
100 |a Steven J Barnes   |9 49619 
245 |a Introduction to biopsychology/  |c by John P J Pinel and Steven J Barnes 
250 |a 9th 
260 |a Noida:  |b Pearson India,  |c 2017. 
300 |a 576p. 
650 |a Biopsychology  |9 49620 
650 |a Medicine  |9 49621 
942 |c BK 
999 |c 72120  |d 72120 
952 |0 0  |1 0  |4 0  |6 612_800000000000000_JOH_I  |7 0  |9 92744  |a SSUS  |b SSUS  |c STACKS  |d 2018-06-07  |g 899.00  |o 612.8 JOH/I  |p 089815  |r 2018-08-14  |w 2018-06-07  |y BK